Testing student achievments and aptitudes / (Record no. 11549)
[ view plain ]
| 000 -LEADER | |
|---|---|
| fixed length control field | 00403cam a2200145ua 4500 |
| 041 ## - LANGUAGE CODE | |
| Language code of text/sound track or separate title | eng |
| 082 ## - DEWEY DECIMAL CLASSIFICATION NUMBER | |
| Classification number | 371.26 |
| Item number | AHM/TE |
| 100 ## - MAIN ENTRY--AUTHOR NAME | |
| Personal name | Ahmann, Stanley J . |
| 245 ## - TITLE STATEMENT | |
| Title | Testing student achievments and aptitudes / |
| 260 ## - PUBLICATION, DISTRIBUTION, ETC. (IMPRINT) | |
| Place of publication | New Delhi : |
| Name of publisher | Prentice Hall of India Pvt Ltd. , |
| Year of publication | 1965. |
| 300 ## - PHYSICAL DESCRIPTION | |
| Number of Pages | 118 ; . |
| 942 ## - ADDED ENTRY ELEMENTS (KOHA) | |
| Koha item type | Books |
| Withdrawn status | Lost status | Damaged status | Home library | Current library | Date acquired | Full call number | Accession Number | Koha item type |
|---|---|---|---|---|---|---|---|---|
| Withdrawn | KAUAET | Sanskrit University | 07/04/2012 | 371.26 | 10832 | Books |
